عرض عادي عرض مارك
  • دمشق (سوريا)

مدخل إسم جغرافي

عدد التسجيلات المستخدمة في: 1

001 - رقم الضبط

  • حقل الضبط: 1051

003 - معرف رقم الضبط

  • حقل الضبط: OSt

005 - تاريخ ووقت أخر عملية

  • حقل الضبط: 20110719111037.0

008 - عناصر بيانات ثابتة الطول

  • حقل تحكم ثابت الطول: 110719|||a|||||| | ||| d

040 ## - مصدر الفهرسة

  • هيئة الفهرسة الأصلية: OSt
  • وكالة الكتابة: OSt

151 ## - مدخل-- مصطلح تاريخي

  • اسم جغرافي: دمشق (سوريا)
  • تفريع شكلي: تراجم

670 ## - بيانات المصدر موجوده

  • الاستشهاد بالمصدر: Work cat.: (OSt): ابن عساكر، علي بن الحسن بن هبة الله، 499-571 هـ. 246, تاريخ دمشق الكبير /, 1399 = 1979